[Event "4NCL Division 1a"]
[Site "Birmingham ENG"]
[Date "2015.02.14"]
[Round "5.144"]
[White "Griffiths, Ryan"]
[Black "Mason, Don"]
[Result "1-0"]
[WhiteElo "2348"]
[BlackElo "2155"]
[PlyCount "129"]
[EventDate "2015.02.14"]
[WhiteTeam "Barbican 4NCL 1"]
[BlackTeam "Warwickshire Select 1"]

1. c4 e5 2. g3 Nf6 3. Bg2 c6 4. d4 exd4 5. Qxd4 d5 6. Nf3 Be6 7. O-O dxc4 8.
Qxd8+ Kxd8 9. Rd1+ Ke8 10. Nd4 Nbd7 11. a4 Bb4 12. a5 a6 13. Ra4 Bc5 14. Nxe6
fxe6 15. Rxc4 Kf7 16. Nd2 Rhe8 17. Ne4 Bf8 18. Ng5+ Kg8 19. Bh3 Ne5 20. Rc2
Neg4 21. Rd4 h5 22. f3 e5 23. Rdc4 Nh6 24. Ne6 Rab8 25. e4 Nf7 26. Be3 Ng4 27.
fxg4 Rxe6 28. gxh5 Rd6 29. Kf2 Be7 30. Bb6 Rf6+ 31. Ke2 Nd6 32. Ra4 Rbf8 33.
Be3 Nb5 34. Bf5 Rd6 35. Bc5 Nd4+ 36. Rxd4 exd4 37. Kd3 Re8 38. Bxd6 Bxd6 39.
Kxd4 Re5 40. Bc8 Rxa5 41. Bxb7 Be5+ 42. Ke3 Rb5 43. Bxa6 Rb3+ 44. Bd3 Rxb2 45.
Rc5 Bf6 46. Rxc6 Rxh2 47. e5 Bg5+ 48. Kf3 Kf7 49. Bc4+ Ke8 50. Kg4 Be7 51. Ra6
Rd2 52. Kf5 Kf8 53. Kg6 Rd4 54. Be6 Bd8 55. Ra7 Be7 56. g4 Rd2 57. g5 Rd1 58.
Ra4 Bd8 59. Rf4+ Ke7 60. Bb3 Ra1 61. Rf7+ Ke8 62. Rxg7 Rg1 63. Bf7+ Kd7 64. Kh6
Be7 65. Rg8 1-0

[Event "4NCL Division 1a"]
[Site "Birmingham ENG"]
[Date "2015.02.14"]
[Round "5.145"]
[White "Shephard, Chris"]
[Black "Devereaux, Max"]
[Result "0-1"]
[WhiteElo "2163"]
[BlackElo "2346"]
[PlyCount "100"]
[EventDate "2015.02.14"]
[WhiteTeam "Warwickshire Select 1"]
[BlackTeam "Barbican 4NCL 1"]

1. c4 c5 2. Nf3 Nf6 3. Nc3 e6 4. g3 b6 5. Bg2 Bb7 6. O-O a6 7. b3 Be7 8. Bb2 d6
9. d4 cxd4 10. Qxd4 Nbd7 11. Rfe1 Qc7 12. Rac1 O-O 13. Qd2 h6 14. h3 Nc5 15.
Red1 Rfd8 16. Qe1 Rac8 17. Qf1 Qb8 18. Nd2 b5 19. b4 Ncd7 20. cxb5 axb5 21. e4
Bc6 22. Nb3 Ne5 23. Na5 Be8 24. Nb1 Rxc1 25. Rxc1 d5 26. exd5 exd5 27. a3 Nc4
28. Nxc4 dxc4 29. Rd1 Qb6 30. Rxd8 Qxd8 31. Qe2 Kf8 32. Qd2 Qc7 33. Qe3 Bc6 34.
Bxf6 gxf6 35. Qxh6+ Kg8 36. Qe3 Bxg2 37. Kxg2 f5 38. Nc3 Qc6+ 39. Qf3 Qd7 40.
Nd5 Kf8 41. Kf1 Bg5 42. h4 Bc1 43. Nc3 Bb2 44. Ke2 Qd4 45. Nd5 Qe5+ 46. Ne3 c3
47. Kd3 c2 48. Kxc2 Qc3+ 49. Kb1 Qc1+ 50. Ka2 Bf6 0-1

[Event "4NCL Division 1a"]
[Site "Birmingham ENG"]
[Date "2015.02.14"]
[Round "5.146"]
[White "Cox, John"]
[Black "James, Ann-Marie"]
[Result "1/2-1/2"]
[WhiteElo "2360"]
[BlackElo "2059"]
[PlyCount "86"]
[EventDate "2015.02.14"]
[WhiteTeam "Barbican 4NCL 1"]
[BlackTeam "Warwickshire Select 1"]

1. d4 Nf6 2. Nf3 d5 3. c4 e6 4. Nc3 Bb4 5. cxd5 exd5 6. Bg5 h6 7. Bh4 c5 8.
dxc5 g5 9. Bg3 Ne4 10. Qd4 Bxc3+ 11. bxc3 O-O 12. Bxb8 Rxb8 13. h4 g4 14. Nd2
Qa5 15. Nxe4 dxe4 16. e3 Be6 17. Be2 Rfd8 18. Qb4 Qc7 19. O-O Rd2 20. Rfe1 Qe5
21. Rad1 Rxa2 22. Bc4 Rc2 23. Bxe6 fxe6 24. c6 bxc6 25. Qe7 Qf5 26. Rf1 Qf7 27.
Qd6 Rf8 28. Ra1 Rxf2 29. Qxf8+ Qxf8 30. Rxf2 Qc5 31. g3 Qxc3 32. Rxa7 Qxe3 33.
Ra8+ Kg7 34. Kg2 Qc5 35. Ra4 Qd5 36. Kh2 h5 37. Re2 c5 38. Raxe4 Kf6 39. Ra4
Qb3 40. Ra6 Ke7 41. Ra7+ Kd6 42. Ra6+ Kd7 43. Ra7+ Kd6 1/2-1/2

[Event "4NCL Division 1a"]
[Site "Birmingham ENG"]
[Date "2015.02.14"]
[Round "5.147"]
[White "Stepanyan, Henrik"]
[Black "Knott, Simon"]
[Result "1/2-1/2"]
[WhiteElo "2041"]
[BlackElo "2312"]
[PlyCount "81"]
[EventDate "2015.02.14"]
[WhiteTeam "Warwickshire Select 1"]
[BlackTeam "Barbican 4NCL 1"]

1. d4 Nf6 2. c4 g6 3. Nc3 d5 4. cxd5 Nxd5 5. Bd2 Bg7 6. e4 Nxc3 7. Bxc3 O-O 8.
Qd2 c5 9. d5 Bxc3 10. Qxc3 e6 11. Qxc5 Nd7 12. Qd4 exd5 13. Qxd5 Qe7 14. Nf3
Nf6 15. Qe5 Qxe5 16. Nxe5 Re8 17. f4 Nxe4 18. Bc4 Be6 19. O-O Bxc4 20. Nxc4
Rac8 21. Rac1 Rc5 22. Ne3 f5 23. Rxc5 Nxc5 24. Kf2 Re4 25. Ke2 Na4 26. Kd2 Nxb2
27. Rb1 Nc4+ 28. Nxc4 Rxc4 29. Rxb7 Ra4 30. Ke3 Rxa2 31. Kd4 Ra5 32. g3 h6 33.
h3 h5 34. Rc7 Ra6 35. Ke5 Kf8 36. Rd7 Ke8 37. Rg7 Kd8 38. Rg8+ Ke7 39. Rg7+ Kf8
40. Rb7 Ke8 41. Rg7 1/2-1/2

[Event "4NCL Division 1a"]
[Site "Birmingham ENG"]
[Date "2015.02.14"]
[Round "5.148"]
[White "Bhatia, Kanwal"]
[Black "Baruch, Andy"]
[Result "1/2-1/2"]
[WhiteElo "2038"]
[BlackElo "2070"]
[PlyCount "56"]
[EventDate "2015.02.14"]
[WhiteTeam "Barbican 4NCL 1"]
[BlackTeam "Warwickshire Select 1"]

1. e4 Nf6 2. e5 Nd5 3. d4 d6 4. Nf3 g6 5. h3 Bg7 6. exd6 cxd6 7. c4 Nb6 8. Nc3
O-O 9. Be3 Nc6 10. Rc1 Bf5 11. Be2 d5 12. b3 Be4 13. c5 Nc8 14. O-O Bxf3 15.
Bxf3 e6 16. Ne2 N8e7 17. Ng3 Nf5 18. Nxf5 gxf5 19. Qd2 Qf6 20. Rcd1 f4 21. Bxf4
Nxd4 22. Bg4 Qg6 23. Rfe1 f5 24. Be2 e5 25. Bh2 f4 26. Kh1 Rad8 27. f3 Ne6 28.
Bd3 Qf6 1/2-1/2